South Asia with Afghanistan and Myanmar /

Guardat en:
Dades bibliogràfiques
Autor principal: Shupe, John F. (autor)
Altres autors: Carroll, Allen (dirección) (dirección), Allen, William L. (edición) (edición)
Format: Mapa
Publicat: Washington, EUA : National Geographic Society, 1997, c1997
Matèries:
Etiquetes: Afegir etiqueta
Sense etiquetes, Sigues el primer a etiquetar aquest registre!

MARC

LEADER 00000nem^a2200000^a^4500
001 000131804
005 20250521000000.0
009 20260310095037.154
037 |a Acervo ITESO - Biblioteca 
041 |a GRA 
082 |a 912. 54  |b SHU 
100 |a Shupe, John F.  |e (autor) 
245 1 0 |a South Asia with Afghanistan and Myanmar /  |c J.F. Shupe ; dir. de A. Carroll ; ed. de W.L. Allen. 
255 |c (E60º-E100º/N36º-N8º) 
255 |a Escala 1 : 7 345 000 
264 4 |a Washington, EUA :  |b National Geographic Society,  |c 1997, c1997 
300 |a 1 mapa 
336 |a imagen cartográfica estática  |b cri  |2 rdacontenido 
337 |a sin mediación  |b n  |2 rdamedio 
338 |a mapa  |b nz  |2 rdasoporte 
546 |a Edición gráfica con texto en inglés 
649 |a XX 
650 |a India -  |x Historia -  |x Mapas 
650 |a India -  |x Mapas 
650 |a Afganistán -  |x Mapas 
650 |a Nepal -  |x Historia -  |x Mapas 
650 |a Nepal -  |x Mapas 
650 |a Pakistán -  |x Mapas 
650 |a Myanmar -  |x Mapas 
650 |a Bangladesh -  |x Historia -  |x Mapas 
650 |a Bangladesh -  |x Mapas 
650 |a División Política y Administrativa -  |z Asia del Sur -  |x Mapas 
650 |a Asia del Sur -  |x Mapas -  |x Tema Principal 
650 |a Asia -  |x Mapas 
650 |a Cartografía -  |z Asia 
650 |a Geografía -  |z Asia 
740 0 |a India /  |c J.F. Shupe ; dir. de A. Carroll ; ed. de W.L. Allen. 
700 |a Carroll, Allen  |e (dirección) 
700 |a Allen, William L.  |e (edición) 
910 |a Fondo General 
920 |a Gráficos - Mapas 
905 |a 503 
901 |a 0500061117  |b IT2  |c MAP  |u 20250521 
902 |a https://opac.biblio.iteso.mx/vufind/Record/000131804